Score 0/21 Timer 05:00
1 Play Today
% Correct
Am
94.7%
Yellow
94.6%
Fuzzy
93.7%
Friends
93.6%
Expect
93.5%
Be
93.4%
It
93.3%
End
92.8%
Me
92.7%
Snorkack
92.7%
Hermione
92.4%
% Correct
Time
92.2%
Treasure
92.2%
Know
92.1%
Sleeping
91.1%
Unkind
90.6%
Cellar
89.6%
Disease
87.6%
Moment
87.2%
Ruse
86.3%
Beginning
78.1%
Remove Ads.
Support Sporcle.
Get the best of Sporcle when you Go Orange. This ad-free experience offers more features, more stats, and more fun while also helping to support Sporcle. Thank you for becoming a member.

You're not logged in!

Compare scores with friends on all Sporcle quizzes.
OR
Log In

Show Comments

Extras

Top Quizzes Today


Score Distribution

Your Account Isn't Verified!

In order to create a playlist on Sporcle, you need to verify the email address you used during registration. Go to your Sporcle Settings to finish the process.

Report this User

Report this user for behavior that violates our Community Guidelines.

Details: